L'Assetjament psicològic : incidència en el sector públic / Juan B. Lorenzo de Membiela ; CEMICAL incidència en el sector públic / Juan B. Lorenzo de Membiela ; CEMICAL
ISBN:
84-9803-072-2
Descripción Física:
99 p. ; 24 cm
Colección:
Estudis de relacions laborals
; 2
MARC
| LEADER | 00000nam a2200000Ia 4500 | ||
|---|---|---|---|
| 001 | 17144 | ||
| 008 | 160829s2005 xx 000 0 cat d | ||
| 020 | |a 84-9803-072-2 | ||
| 080 | |a M-5-164 | ||
| 100 | |a Lorenzo de Membiela, Juan B. |9 34700 | ||
| 245 | |a L'Assetjament psicològic : |b incidència en el sector públic / Juan B. Lorenzo de Membiela ; CEMICAL | ||
| 260 | |a Barcelona : |b Diputació de Barcelona. Institut d'Edicions, |c 2005 | ||
| 300 | |a 99 p. ; |c 24 cm | ||
| 490 | |a Estudis de relacions laborals ; |v 2 | ||
| 590 | |a Hi ha un exemplar en castellà amb R. 19900 | ||
| 650 | |a Assetjament psicològic |9 34701 | ||
| 650 | 0 | |a Administració pública |9 23819 | |
| 710 | 1 | |a Consorci d'Estudis, Mediació i Conciliació a l'Administració Local (Barcelona) |9 52747 | |
| 901 | |a Arxiu | ||
| 942 | |n 1 |2 udc | ||
| 952 | |0 0 |1 0 |4 0 |6 M5164 |7 1 |9 46614 |a Arxiu |b Arxiu |d 2016-12-01 |l 0 |o M-5-164 |p 17144 |r 2016-12-01 00:00:00 |w 2016-12-01 |y ARXIU | ||
| 999 | |c 50407 |d 50407 | ||